Matlab supplement to fuzzy and neural approaches in engineering

Zapisane w:
Opis bibliograficzny
1. autor: Hines, J. Wesley
Format: Książka
Język:Undetermined
Wydane: New York John Wiley & Sons 1997
Hasła przedmiotowe:
Etykiety: Dodaj etykietę
Nie ma etykietki, Dołącz pierwszą etykiete!
Thư viện lưu trữ: Trung tâm Học liệu Trường Đại học Cần Thơ
LEADER 00545nam a2200181Ia 4500
001 CTU_61556
008 210402s9999 xx 000 0 und d
082 |a 621.38220285 
082 |b H662 
100 |a Hines, J. Wesley 
245 0 |a Matlab supplement to fuzzy and neural approaches in engineering 
245 0 |c J. Wesley Hines 
260 |a New York 
260 |b John Wiley & Sons 
260 |c 1997 
650 |a Signal processing,Matlab ( computer file ) 
904 |i Minh,Hải 
980 |a Trung tâm Học liệu Trường Đại học Cần Thơ